Aspectos sociológicos de la inmigración granadina en Barcelona / (Record no. 190330)
[ view plain ]
| 000 -LEADER | |
|---|---|
| campo de control de longitud fija | 01155nam a2200265 i 4500 |
| 001 - NÚMERO DE CONTROL | |
| campo de control | 190330 |
| 003 - IDENTIFICADOR DE NÚMERO DE CONTROL | |
| campo de control | SpMaBN |
| 005 - FECHA Y HORA DE LA ÚLTIMA TRANSACCIÓN | |
| campo de control | 20240410101510.0 |
| 008 - DATOS DE LONGITUD FIJA--INFORMACIÓN GENERAL | |
| campo de control de longitud fija | 201110s1976 sp d |||| | spa d |
| 080 ## - NÚMERO DE LA CLASIFICACIÓN DECIMAL UNIVERSAL | |
| Número de la Clasificación Decimal Universal | 325.2(460.357:460.235 B.)(043.2) |
| 080 ## - NÚMERO DE LA CLASIFICACIÓN DECIMAL UNIVERSAL | |
| Número de la Clasificación Decimal Universal | 325.1(460.235 B.:460.357)(043.2) |
| 100 1# - ENTRADA PRINCIPAL--NOMBRE DE PERSONA | |
| Nombre de persona | Castro Chico, Elvira. |
| 9 (RLIN) | 170718 |
| 245 10 - MENCIÓN DEL TÍTULO | |
| Título | Aspectos sociológicos de la inmigración granadina en Barcelona / |
| Mención de responsabilidad, etc. | Elvira Castro Chico. |
| 260 ## - PUBLICACIÓN, DISTRIBUCIÓN, ETC. | |
| Lugar de publicación, distribución, etc. | Barcelona : |
| Nombre del editor, distribuidor, etc. | [Universidad, Facultad de Filosofía y Ciencias de la Educación], |
| Fecha de publicación, distribución, etc. | 1976 ( |
| Fabricante | Vernet) |
| 300 ## - DESCRIPCIÓN FÍSICA | |
| Extensión | 17 p. : |
| Otras características físicas | gráf. ; |
| Dimensiones | 24 cm. |
| 502 ## - NOTA DE TESIS | |
| Nota de tesis | Tesis-Univ. Barcelona (Extracto) |
| 594 ## - Nota al título y mención de responsabilidad | |
| Nota al título y mención de responsabilidad | Precede al tít.: Universidad de Barcelona. Secretariado de Publicaciones, Intercambio Científico y Extensión Universitaria. |
| 651 #4 - PUNTO DE ACCESO ADICIONAL DE MATERIA--NOMBRE GEOGRÁFICO | |
| Nombre geográfico | Granada- |
| Subdivisión general | Emigración. |
| 9 (RLIN) | 170719 |
| 651 #4 - PUNTO DE ACCESO ADICIONAL DE MATERIA--NOMBRE GEOGRÁFICO | |
| Nombre geográfico | Barcelona- |
| Subdivisión general | Inmigración. |
| 9 (RLIN) | 170720 |
| 655 ## - TERMINO DE INDIZACIÓN--GENERO/FORMA | |
| Datos o término principal de género/forma | Tesis y escritos académicos |
| 9 (RLIN) | 226867 |
| 710 2# - ENTRADA AGREGADA--NOMBRE DE ENTIDAD CORPORATIVA | |
| Nombre de entidad corporativa o nombre de jurisdicción como elemento de entrada | Universidad de Barcelona. |
| Unidad subordinada | Facultad de Filosofía y Ciencias de la Educación. |
| 9 (RLIN) | 174511 |
| 852 4# - LOCALIZACIÓN | |
| Ubicación | ES-MaACL |
| Número de control de estantería | P-1415 (85) |
| itemnumber | 197538 |
| Sublocalización o colección | R.68610 |
| Ubicación en estantería | Depósito 2 |
| 942 ## - ELEMENTOS DE ENTRADA SECUNDARIOS (KOHA) | |
| Fuente del sistema de clasificación o colocación | Clasificación decimal universal |
| Estatus retirado | Estado de pérdida | Fuente del sistema de clasificación o colocación | Estado de daño | No para préstamo | Biblioteca de origen | Biblioteca actual | Ubicación en estantería | Fecha de adquisición | Fuente de adquisición | Total de préstamos | Signatura topográfica completa | Código de barras | Visto por última vez | Precio de reemplazo | Tipo de ítem Koha |
|---|---|---|---|---|---|---|---|---|---|---|---|---|---|---|---|
| Clasificación decimal universal | Biblioteca del Ateneo de Madrid | Biblioteca del Ateneo de Madrid | Depósito 2 | 15/07/2005 | Donación | P-1415 (85) | 1202327 | 23/02/2023 | 23/02/2023 | Libro impreso |
